01464cam a22003251 4500001001300000003000400013005001700017008004100034010001700075025002000092040001800112050002100130082001100151110003900162245021200201260010200413300001900515350000900534500012200543500017600665500003900841504003100880505003000911650002500941710005600966710002801022710003201050710003901082999001701121sa 68006856 DLC20260227112519.0711020s1968 ii b 000 0 eng  asa 68006856  aPL480:I-E-10164 aDLCcDLCdDLC00aHC60b.R367 196800a338.912 aResearch Committee on Foreign Aid.10aForeign aid;ba symposium, a survey and an appraisalc[by the] Research Committee on Foreign Aid [of the] Indian Economic Centre, Indian International Group [and] Indian Council on Current Affairs, Calcutta. a[Calcutta,bIndian Council on Current Affairs; distributors: Oxford Book & Stationery Co.c[1968] a544 p.c25 cm. aRs40 a"In commemoration of the second United Nations Conference on Trade and Development, New Delhi, February-March, 1968." a"Indian Economic Centre and Indian International Group, in collaboration with the Indian Council on Current Affairs, Calcutta, sponsored the present study on foreign aid." a"Selected readings": p. [539]-544. aBibliographical footnotes.0 aA symposium.--The report. 0aEconomic assistance.2 aUnited Nations Conference on Trade and Development.2 aIndian Economic Centre.2 aIndian International Group.2 aIndian Council on Current Affairs. c81573d81573